| 000 | 00712nam a22002057a 4500 | ||
|---|---|---|---|
| 003 | OSt | ||
| 005 | 20260508020330.0 | ||
| 008 | 260508b |||||||| |||| 00| 0 eng d | ||
| 020 | _a9789710636129 | ||
| 040 |
_aDWCL Main Lib. _cOC |
||
| 082 | _aFil. 499.211 M113p 2015 | ||
| 100 |
_aMactal, Ronaldo B. _eAuthor |
||
| 245 |
_aPadayon : _baraling panlipunan sa siglo 21 (kasaysayan ng daigdig) / _cRonaldo B. Mactal |
||
| 250 | _aIkalawang edisyon. | ||
| 260 |
_aQuezon City, Philippines : _bPhoenix Publishing House, _cc2015. |
||
| 300 |
_ax, 1010 pages : _billustrations ; _c26cm. _e+ 4 CD 4 3/4 |
||
| 504 | _aIncludes index. | ||
| 650 | _a1. Social Studies--Study and Teaching. | ||
| 942 |
_2ddc _cBK - FIL _n0 |
||
| 999 |
_c10319 _d10319 |
||